Online
Catalog

Estudios masoréticos : (Record no. 38862)

MARC details
000 -CABECERA
campo de control de longitud fija 01157nam a2200253 a 4500
001 - NÚMERO DE CONTROL
campo de control 000039372
005 - FECHA Y HORA DE LA ÚLTIMA TRANSACCIÓN
campo de control 20201002031622.0
008 - DATOS DE LONGITUD FIJA--INFORMACIÓN GENERAL
campo de control de longitud fija 130625s1983 sp 001 0 spa d
040 ## - FUENTE DE LA CATALOGACIÓN
Centro catalogador/agencia de origen DO-SdBNP
Lengua de catalogación spa
Centro/agencia transcriptor BNPHU
111 2# - ENTRADA PRINCIPAL--NOMBRE DE CONGRESO/REUNIÓN
Nombre de congreso/reunión o jurisdicción como elemento de entrada Congreso de la IOMS
Número del congreso/reunión o número de parte o sección (10:
Fecha del congreso/reunión 1992 :19-20 julio
Sede del congreso/Lugar de la reunión París)
9 (RLIN) 65571
245 10 - MENCIÓN DE TÍTULO
Título Estudios masoréticos :
Resto del título V Congreso de la IOMS /
Mención de responsabilidad, etc. editados por Emilia Fernández Tejero, María Teresa Ortega Monasterio.
260 ## - PUBLICACIÓN, DISTRIBUCIÓN, ETC.
Lugar de publicación, distribución, etc. Madrid :
Nombre del editor, distribuidor, etc. Consejo Superior de Investigación Científicas,
Fecha de publicación, distribución, etc. 1983.
300 ## - DESCRIPCIÓN FÍSICA
Extensión 250 p. ;
Dimensiones 28 cm.
490 1# - MENCIÓN DE SERIE
Mención de serie Textos y estudios "Cardenal Cisneros de la biblia polígota matritense
Designación de volumen o secuencia 55
500 ## - NOTA GENERAL
Nota general En memoria de Harry M. Orlynsky
500 ## - NOTA GENERAL
Nota general Incluye ídice
504 ## - NOTA DE BIBLIOGRAFÍA, ETC.
Nota de bibliografía, etc. Incluye referencias biblográficas y notas al pie de las páginas
546 ## - NOTA DE LENGUA/LENGUAJE
Nota de lengua/lenguaje Inglés, francés y español
700 1# - PUNTO DE ACCESO ADICIONAL--NOMBRE DE PERSONA
Nombre de persona Orlinsky, Harry Meyer,
Fechas asociadas al nombre 1908-
9 (RLIN) 65572
700 1# - PUNTO DE ACCESO ADICIONAL--NOMBRE DE PERSONA
Nombre de persona Fernández Tejero, Emilia.
Término indicativo de función/relación ed.
9 (RLIN) 65573
700 1# - PUNTO DE ACCESO ADICIONAL--NOMBRE DE PERSONA
Nombre de persona Ortega Monasterio, María Teresa
9 (RLIN) 65574
710 2# - PUNTO DE ACCESO ADICIONAL--NOMBRE DE ENTIDAD CORPORATIVA
Nombre de entidad corporativa o nombre de jurisdicción como elemento de entrada Consejo Superior de Investigación Científicas,
9 (RLIN) 63831
830 #0 - PUNTO DE ACCESO ADICIONAL DE SERIE-TÍTULO UNIFORME
Título uniforme Textos y estudios "Cardenal Cisneros de la biblia polígota matritense
Designación de volumen o secuencia 55
9 (RLIN) 65575
Holdings
Estado de retiro Estado de pérdida Restricciones de uso No para préstamo Código de colección Localización permanente Ubicación/localización actual Ubicación en estantería Fecha de adquisición Número de inventario Total de préstamos Signatura topográfica completa Código de barras Fecha visto por última vez Precio válido a partir de Tipo de ítem Koha
      Excluido de préstamo Monografías: Libros y Folletos General General En catalogación 25.06.2013 LF1   39372-10 25.06.2020 25.06.2020 No se presta
        Monografías: Libros y Folletos General General Orden iniciada 25.06.2013 LF1   39373-10 25.06.2020 25.06.2020 No se presta

Powered by Koha